Abonnés Instagram: Ligue 2 - Statistiques

Statistiques générales
  • Ce quiz a été pris 38 fois
    5 depuis la dernière actualisation
  • Le résultat moyen est 6 sur 20
Statistiques - réponses
% Correct
385.000 AS Saint-Étienne
100%
123.000 AJ Auxerre
67%
264.000 Girondins de Bordeaux
67%
117.000 AC Ajaccio
33%
63.800 Amiens SC
33%
149.000 Angers SCO
33%
40.100 FC Annecy
33%
154.000 Paris FC
33%
45.200 Pau FC
33%
52.400 Rodez Aveyron Football
33%
114.000 SM Caen
33%
31.300 US Concarneau
33%
32.200 USL Dunkerque
33%
56.000 Valenciennes FC
33%
81.500 EA Guingamp
0%
103.000 ESTAC Troyes
0%
48.700 Grenoble Foot 38
0%
51.900 Quevilly Rouen Metropole
0%
78.500 SC Bastia
0%
33.300 Stade Lavallois
0%
Aucun quiz correspondant
Distribution des résultats
% des personnes avec chaque résultat
Percentile par nombre de réponses
Votre historique - résultats
Vous n’avez pas pris ce quiz depuis la dernière actualisation